000 00557nam a2200181Ia 4500
008 100917s9999 xx 000 0 und d
082 _b62615
100 _aजहागिरदार गजानन
245 _aअभिनय कसा करावा
260 _bइंडिया बुक कंपनी
_c1983
300 _a188
365 _b35
520 _aनिबंध
630 _aअभिनय कसा करावा
650 _aनिबंध
730 _aअभिनय कसा करावा
942 _cBOOK
999 _c668009
_d668006